| 000 | 00000nam##2200000za#4500 |
| 001 | 9.590504 |
| 003 | CaOODSP |
| 005 | 20210624200146 |
| 007 | cr ||||||||||| |
| 008 | 150406|1990||||xxc|||||o f|0| 0 fre|d |
| 040 | |aCaOODSP|bfre |
| 041 | |aeng |
| 041 | |afre |
| 043 | |an-cn--- |
| 086 | 1 |aS52-2/203-PDF |
| 110 | 1 |aCanada.|bTravaux publics et Services gouvernementaux Canada.|bBureau de la traduction. |
| 245 | 10|aVocabulaire des céramiques techniques / |h[ressource électronique]|c[par] Françoise Parc avec la collaboration de Gilles Gervais. |
| 260 | |aOttawa - Ontario : |bTravaux publics et Services gouvernementaux Canada. |cc1990. |
| 300 | |a233p. |
| 490 | 1 |aBulletin de terminologie|vN° 203 |
| 500 | |aÉdition numérisée de l'imprimé. [Produit par les Éditions et Services de dépôt, 2014.] Publié par le Secrétariat d'État, Direction générale de la terminologie et des services linguistiques.—Introd. |
| 504 | |aBibliographie. |
| 590 | |a14-22-Supp|b2014-12-24 |
| 720 | 1 |aParc, Françoise |
| 720 | 1 |aGervais, Gilles |
| 776 | 0#|tVocabulary of advanced ceramics / |w(CaOODSP)9.518196 |
| 791 | |tVocabulary of advanced ceramics / |eeng|w(CaOODSP)9.590503 |
| 830 | #0|aBulletin de terminologie ;|vN° 203|w(CaOODSP)9.500140 |
| 856 | 40|ahttp://publications.gc.ca|qPDF|s2347 Ko|uhttps://publications.gc.ca/collections/collection_2014/tpsgc-pwgsc/S52-2-203.pdf|yN° 203 |